000 00341nam a22001337a 4500
082 _a631.7
_bRIT
100 _aRitu Prem
245 _aA hydro-geophysical investigation of ground water potential
260 _aTavanur
_bDepartment of LWRCE
_c2013
700 _aShazna K
700 _aSheeja P.S
700 _aKurien E K (Guide)
942 _cPR
999 _c14064
_d14064